000 00859nam a22002055i 4500
001 156306
003 ES-MaACL
005 20250821063054.0
008 000713s1516 sz |||| | lat d
040 _aEXT
_bspa
_cEXT
100 0 _aJerónimo,
_cSanto
_966343
245 1 0 _aAppendici huic inest quadruplex Psalterium /
_cvidelicet hebraeum, et hebraica veritas diuo Hieronymo interprete, graecum et aeditio vulgata latina autore incerto.
260 _a[S.l. :
_bs.n.,
_cs.a.]
300 _a[96] h. ;
_c37 cm.
594 _aTexto paralelo griego-latín y latín-hebreo en pág. encaradas.
596 _aLugar y fecha de cabecera tomados del v. de port.: "Basileae, 1516"
597 _aSign.: A-Q6.
852 _aES-MaACL
_jR-1526(2)
_z-- Enc. piel grab. con hierros
_q-- Falto de la port.
_x Olim:G-2195-2200
999 _c156306
_d156306